| 000 | 01240nam a2200217Ia 4500 | ||
|---|---|---|---|
| 999 |
_c39709 _d39709 |
||
| 001 | 6314 | ||
| 003 | GE_BSU | ||
| 005 | 20190603163606.0 | ||
| 008 | 181216s1985||||ge |||||||||||||| ||geo|| | ||
| 040 | _cGE_BSU | ||
| 080 | _a692 + 693.002.5 კ-20 | ||
| 100 |
_aკამპანიონი, ჟ. _92012 |
||
| 245 |
_aსამშენებლო გენერალური გეგმების დამუშავება და სამშენებლო მანქანების და სატრანსპორტო საშუალებათა მუშაობის ორგანიზაცია : _bდამხმ. სახელმძღვ. / _cჟ. კამპანიონი ; რედ. მ. ძიძიგური. |
||
| 264 |
_aთბილისი : _bსპი, _c1985. |
||
| 300 |
_a108 გვ. ; _c20 სმ. |
||
| 653 | _aმშენებლობის გენერალური გეგმები | ||
| 653 | _aსამშენებლო მანქანები | ||
| 653 | _aსატრანსპორტო საშუალებები | ||
| 700 |
_aმ. ძიძიგური _eრედაქტორი _92013 |
||
| 942 |
_cBK _2udc |
||